000 00719nam a2200217 a 4500
999 _c3532
_d3532
001 3532
003 BD-JhCC
005 20171119105809.0
008 171114s1981 bg a|||| ||a| 000 0 ben d
035 _a(BD-JhCC)3532
040 _aBD-JhCC
_dBD-JhCC
041 _aben
082 _a621.388
_bBHA 1981
100 _aভট্টাচার্য, পি. কে.
245 _aবেসিক টেলিভিশন নির্ম্মান ও মেরামতি /
_cপি. কে. ভট্টাচার্য
260 _aকলিকাতা :
_bবিজলী প্রকাশনী,
_c1981.
300 _a71 p. :
_c23.5 cm.
_billu;
650 _aTelevision
942 _2ddc
_cBK